[Event "01.Chess Org-Pokal -Open-"]
[Site "Bad Zwischenahn(30.07.-08.08)"]
[Date "2004.??.??"]
[Round "1.9"]
[White "Juergens, Bernhard"]
[Black "Witzschel, Peter"]
[Result "1-0"]
[WhiteElo "1977"]
[BlackElo "1371"]
[PlyCount "101"]
[EventDate "2004.08.??"]
[SourceDate "2005.04.17"]

1. Nf3 d5 2. d4 e6 3. c4 c6 4. Nc3 Nf6 5. Bg5 Nbd7 6. Qc2 Qa5 7. Nd2 dxc4 8.
Nxc4 Qxg5 9. g3 Bb4 10. Bg2 O-O 11. O-O Bxc3 12. bxc3 Nb6 13. Ne5 Nfd7 14. f4
Qe7 15. Nf3 Nd5 16. Qd3 c5 17. e4 Nc7 18. Rab1 b6 19. e5 Ba6 20. c4 cxd4 21.
Ng5 g6 22. Bxa8 Rxa8 23. g4 Qc5 24. Qh3 Nf8 25. Ne4 Qe7 26. Rbc1 Rd8 27. Rfd1
Ne8 28. g5 Ng7 29. c5 bxc5 30. Nxc5 Be2 31. Rd2 Bh5 32. Ne4 Nf5 33. Nf6+ Kh8
34. Nxh5 gxh5 35. Qxh5 Ng6 36. Qf3 Qb4 37. Rdc2 d3 38. Rc8 Qd4+ 39. Qf2 Qxf2+
40. Kxf2 Rxc8 41. Rxc8+ Kg7 42. Kf3 Nge7 43. Rc3 d2 44. Rd3 Nd5 45. Rxd2 Nh4+
46. Kg4 Ng6 47. Rd4 Ngxf4 48. Rxf4 Nxf4 49. Kxf4 Kg6 50. Kg4 h6 51. gxh6 1-0

[Event "01.Chess Org-Pokal -Open-"]
[Site "Bad Zwischenahn(30.07.-08.08)"]
[Date "2004.??.??"]
[Round "1.10"]
[White "Wempe, Felix"]
[Black "Kimmich, Daniel"]
[Result "0-1"]
[WhiteElo "1262"]
[BlackElo "1817"]
[PlyCount "62"]
[EventDate "2004.08.??"]
[SourceDate "2005.04.17"]

1. e4 c5 2. Nf3 d6 3. Bb5+ Bd7 4. Bxd7+ Qxd7 5. d4 cxd4 6. Nxd4 Nf6 7. Nc3 Nc6
8. Bg5 g6 9. O-O Bg7 10. Nf3 h6 11. Bh4 O-O 12. Qe2 Qe6 13. Rad1 Rfd8 14. Rfe1
g5 15. Bg3 Nh5 16. h3 Nxg3 17. fxg3 Bxc3 18. bxc3 Qxa2 19. e5 Qe6 20. exd6 Qxe2
21. Rxe2 Rxd6 22. Rxd6 exd6 23. Rd2 Rd8 24. Nd4 Nxd4 25. Rxd4 Rc8 26. Rd3 Rc6
27. Kf1 a5 28. Ke1 a4 29. Kd1 a3 30. Kc1 Rb6 31. c4 a2 0-1

[Event "01.Chess Org-Pokal -Open-"]
[Site "Bad Zwischenahn(30.07.-08.08)"]
[Date "2004.??.??"]
[Round "1.11"]
[White "Brummer, Bernfried"]
[Black "Grewenig, Marc"]
[Result "0-1"]
[WhiteElo "1712"]
[BlackElo "1330"]
[PlyCount "28"]
[EventDate "2004.08.??"]
[SourceDate "2005.04.17"]

1. f4 Nc6 2. Nf3 Nf6 3. e3 d5 4. Bb5 Bd7 5. O-O g6 6. d3 Bg7 7. Qe1 O-O 8. e4
dxe4 9. dxe4 e6 10. Nc3 Nb4 11. Qe2 Bxb5 12. Nxb5 c6 13. Rd1 Qb6+ 14. Be3 Qxb5
0-1

[Event "01.Chess Org-Pokal -Open-"]
[Site "Bad Zwischenahn(30.07.-08.08)"]
[Date "2004.??.??"]
[Round "1.12"]
[White "Eichler, Gottfried"]
[Black "Wempe, Juergen"]
[Result "1/2-1/2"]
[WhiteElo "1849"]
[BlackElo "2113"]
[PlyCount "45"]
[EventDate "2004.08.??"]
[SourceDate "2005.04.17"]

1. d4 f5 2. Nf3 Nf6 3. Bg5 e6 4. e3 b6 5. Bd3 Bb7 6. Nbd2 Be7 7. O-O Ne4 8.
Bxe7 Qxe7 9. c3 O-O 10. Qc2 Ng5 11. Nxg5 Qxg5 12. e4 Nc6 13. f4 Qh5 14. Rae1
Ne7 15. Re3 h6 16. Rh3 Qg4 17. Rg3 Qh5 18. e5 Ng6 19. Rf2 Nh4 20. Be2 Qf7 21.
Rh3 g5 22. g3 Ng6 23. Rxh6 1/2-1/2

[Event "01.Chess Org-Pokal -Open-"]
[Site "Bad Zwischenahn(30.07.-08.08)"]
[Date "2004.??.??"]
[Round "2.1"]
[White "Bartels, Holger"]
[Black "Rotstein, Arkadij"]
[Result "0-1"]
[WhiteElo "2095"]
[BlackElo "2462"]
[PlyCount "68"]
[EventDate "2004.08.??"]
[SourceDate "2005.04.17"]

1. e4 e5 2. Nf3 Nc6 3. Bc4 Nf6 4. d3 Be7 5. Nc3 d6 6. Nd5 Nxd5 7. Bxd5 O-O 8.
h3 Kh8 9. Be3 f5 10. exf5 Bxf5 11. Qd2 Qd7 12. O-O-O Be6 13. Bxe6 Qxe6 14. Kb1
d5 15. Qe2 Qg6 16. Rdg1 Rae8 17. Qd1 Qf5 18. h4 b6 19. Rh3 Bc5 20. g4 Qd7 21.
Rh2 e4 22. dxe4 Bxe3 23. fxe3 Rxe4 24. Ng5 Rxe3 25. c3 d4 26. cxd4 Nxd4 27. Rd2
c5 28. Qc2 g6 29. Rd3 Rfe8 30. Qc3 Rxd3 31. Qxd3 Qxg4 32. Qf1 Qf5+ 33. Ka1 Nc2+
34. Kb1 Re1+ 0-1

[Event "01.Chess Org-Pokal -Open-"]
[Site "Bad Zwischenahn(30.07.-08.08)"]
[Date "2004.??.??"]
[Round "2.2"]
[White "Fish, Gennadij"]
[Black "Kroencke, Manfred"]
[Result "1-0"]
[WhiteElo "2545"]
[BlackElo "2147"]
[PlyCount "83"]
[EventDate "2004.08.??"]
[SourceDate "2005.04.17"]

1. d4 d5 2. c4 e6 3. Nc3 Nf6 4. Bg5 Be7 5. cxd5 exd5 6. e3 c6 7. Qc2 Nbd7 8.
Bd3 O-O 9. Nge2 Re8 10. O-O Nf8 11. f3 Nh5 12. Bxe7 Qxe7 13. e4 dxe4 14. fxe4
Nf6 15. Rad1 Be6 16. Qd2 Red8 17. e5 Ne8 18. Qe3 Rd7 19. h3 Rad8 20. Ne4 Rc7
21. Bb1 Bc4 22. N4g3 g6 23. Bd3 Bxa2 24. Ra1 Bd5 25. Rxa7 f6 26. Nc3 fxe5 27.
dxe5 Ne6 28. Nce4 Bxe4 29. Nxe4 Qb4 30. Bb1 Qd4 31. Qxd4 Nxd4 32. Ba2+ Kg7 33.
Nc5 Kh6 34. Rxb7 Rxb7 35. Nxb7 Rb8 36. Rf7 Ng7 37. Bc4 Re8 38. Rd7 Ndf5 39. Nd8
Ne3 40. Nf7+ Kh5 41. Be2+ Kh4 42. Kh2 1-0

[Event "01.Chess Org-Pokal -Open-"]
[Site "Bad Zwischenahn(30.07.-08.08)"]
[Date "2004.??.??"]
[Round "2.3"]
[White "Molzahn, Norbert"]
[Black "Gutman, Lev"]
[Result "0-1"]
[WhiteElo "1975"]
[BlackElo "2407"]
[PlyCount "81"]
[EventDate "2004.08.??"]
[SourceDate "2005.04.17"]

1. c4 Nf6 2. Nc3 g6 3. d4 Bg7 4. e4 O-O 5. h3 c6 6. Bd3 d5 7. cxd5 cxd5 8. e5
Nfd7 9. Nf3 Nc6 10. O-O Nb6 11. Re1 Nb4 12. Bb1 a5 13. a3 Nc6 14. b3 Bd7 15.
Bd3 Qc8 16. Bd2 Bf5 17. Qe2 Bxd3 18. Qxd3 Qd7 19. Nh4 a4 20. b4 Nc4 21. Bc1 e6
22. Bg5 f6 23. exf6 Bxf6 24. Bxf6 Rxf6 25. Ra2 Nd8 26. Nd1 Nf7 27. Ne3 Nxe3 28.
Qxe3 Nd6 29. Rae2 Raf8 30. Nf3 Nc4 31. Ne5 Nxe5 32. Qxe5 Qf7 33. f3 Rc8 34. h4
Qf8 35. h5 Qf7 36. g4 Re8 37. Re3 Qf8 38. Qxd5 exd5 39. Rxe8 Rxf3 40. Rxf8+
Rxf8 41. Re7 0-1

[Event "01.Chess Org-Pokal -Open-"]
[Site "Bad Zwischenahn(30.07.-08.08)"]
[Date "2004.??.??"]
[Round "2.4"]
[White "Lichman, Peter"]
[Black "Juergens, Bernhard"]
[Result "1/2-1/2"]
[WhiteElo "2162"]
[BlackElo "1977"]
[PlyCount "74"]
[EventDate "2004.08.??"]
[SourceDate "2005.04.17"]

1. e4 e6 2. d4 d5 3. Nd2 Nf6 4. Bd3 Nfd7 5. e5 c5 6. c3 Nc6 7. Ne2 cxd4 8. cxd4
f6 9. Nf4 Nxd4 10. Qh5+ Ke7 11. Ng6+ hxg6 12. exf6+ Nxf6 13. Qxh8 Kf7 14. Qh4
e5 15. Nf3 Nxf3+ 16. gxf3 Bf5 17. Bxf5 gxf5 18. Bg5 Qa5+ 19. Bd2 Qa6 20. Qg5
Qd3 21. Qe3 Qb5 22. Qc3 Bc5 23. Qb3 Qxb3 24. axb3 Rh8 25. Ke2 Rh3 26. Rhc1 Bb6
27. Ba5 e4 28. Bxb6 exf3+ 29. Kd3 axb6 30. Rc7+ Ke6 31. Rxb7 Rxh2 32. Ke3 Ng4+
33. Kf4 g5+ 34. Kxg5 Nxf2 35. Kf4 Ne4 36. Kxf3 Rxb2 37. Rxb6+ Ke5 1/2-1/2

[Event "01.Chess Org-Pokal -Open-"]
[Site "Bad Zwischenahn(30.07.-08.08)"]
[Date "2004.??.??"]
[Round "2.5"]
[White "Kimmich, Daniel"]
[Black "Bohnstorff, Michael"]
[Result "0-1"]
[WhiteElo "1817"]
[BlackElo "2025"]
[PlyCount "65"]
[EventDate "2004.08.??"]
[SourceDate "2005.04.17"]

1. e4 d6 2. Nc3 g6 3. d4 Bg7 4. Be3 Nf6 5. f3 c6 6. Qd2 h5 7. Be2 Be6 8. h3
Nbd7 9. f4 Nb6 10. Nf3 Nc4 11. Bxc4 Bxc4 12. O-O-O Qa5 13. a3 O-O-O 14. d5 Nd7
15. Bd4 Bxd4 16. Qxd4 Qc5 17. Ng5 Rhf8 18. Rhe1 Qxd4 19. Rxd4 Nb6 20. b3 Ba6
21. dxc6 bxc6 22. f5 c5 23. Rd2 gxf5 24. exf5 Rde8 25. f6 Kd7 26. fxe7 Rxe7 27.
Nge4 Kc7 28. Red1 Bb7 29. Nxd6 Bc6 30. Ncb5+ Kb8 31. Nf5 Rd7 32. Nbd6 Kc7 33.
a4 0-1

[Event "01.Chess Org-Pokal -Open-"]
[Site "Bad Zwischenahn(30.07.-08.08)"]
[Date "2004.??.??"]
[Round "2.6"]
[White "Grewenig, Marc"]
[Black "Eichler, Gottfried"]
[Result "0-1"]
[WhiteElo "1330"]
[BlackElo "1849"]
[PlyCount "70"]
[EventDate "2004.08.??"]
[SourceDate "2005.04.17"]

1. e4 c5 2. Nf3 a6 3. Nc3 b5 4. d4 cxd4 5. Nxd4 Bb7 6. Bd3 g6 7. f4 Bg7 8. Be3
Qb6 9. Nce2 Qc7 10. c3 Nf6 11. Ng3 d6 12. O-O O-O 13. a4 e5 14. fxe5 dxe5 15.
Nf3 Ng4 16. Qd2 Nxe3 17. Qxe3 Nd7 18. axb5 axb5 19. Bxb5 Nf6 20. Bd3 Ng4 21.
Qe2 Qb6+ 22. Kh1 Rxa1 23. Rxa1 Nf2+ 24. Kg1 Nxd3+ 25. Kf1 Qxb2 26. Qxb2 Nxb2
27. Rb1 Ba6+ 28. Ke1 Nd3+ 29. Kd2 Nf4 30. Ne1 Bh6 31. Kc2 Rd8 32. Rb6 Bc4 33.
Rc6 Bb5 34. Rc5 Ba4+ 35. Kb2 Rd2+ 0-1

[Event "01.Chess Org-Pokal -Open-"]
[Site "Bad Zwischenahn(30.07.-08.08)"]
[Date "2004.??.??"]
[Round "2.7"]
[White "Wempe, Juergen"]
[Black "Brummer, Bernfried"]
[Result "1/2-1/2"]
[WhiteElo "2113"]
[BlackElo "1712"]
[PlyCount "37"]
[EventDate "2004.08.??"]
[SourceDate "2005.04.17"]

1. e4 d5 2. Nc3 dxe4 3. Nxe4 Nd7 4. d4 Ngf6 5. Bd3 e5 6. Nxf6+ Qxf6 7. Nf3 exd4
8. O-O h6 9. Re1+ Be7 10. Qe2 Nc5 11. Nxd4 Nxd3 12. cxd3 Bd7 13. Bf4 O-O-O 14.
Be5 Qg6 15. Bxc7 Kxc7 16. Qxe7 Rhe8 17. Nb5+ Kb8 18. Qxd7 Rxe1+ 19. Rxe1
1/2-1/2

[Event "01.Chess Org-Pokal -Open-"]
[Site "Bad Zwischenahn(30.07.-08.08)"]
[Date "2004.??.??"]
[Round "2.8"]
[White "Lange, Detlef"]
[Black "Wempe, Moritz"]
[Result "1/2-1/2"]
[WhiteElo "1659"]
[BlackElo "1491"]
[PlyCount "62"]
[EventDate "2004.08.??"]
[SourceDate "2005.04.17"]

1. e4 e5 2. Nf3 Nc6 3. Bb5 Bc5 4. O-O d6 5. d4 exd4 6. Nxd4 Nge7 7. Bg5 Bd7 8.
Nxc6 Bxc6 9. Bxc6+ bxc6 10. Nc3 f6 11. Bh4 h5 12. h3 g5 13. Bg3 Qd7 14. Na4 Bb6
15. Nxb6 axb6 16. Bh2 g4 17. h4 Ng6 18. Bg3 Kf7 19. f4 gxf3 20. Qxf3 Qe6 21.
Qc3 Ne5 22. Bf4 Ke7 23. Bxe5 dxe5 24. Qe3 Rh7 25. Rae1 Rf8 26. Qf3 Rhh8 27. b3
Qf7 28. Qc3 Qe6 29. Qe3 Rh7 30. Qf3 Qf7 31. Qe2 Rhh8 1/2-1/2

[Event "01.Chess Org-Pokal -Open-"]
[Site "Bad Zwischenahn(30.07.-08.08)"]
[Date "2004.??.??"]
[Round "2.9"]
[White "Dopychai, Reent"]
[Black "Burghardt, Bernd,Dr."]
[Result "1-0"]
[WhiteElo "1489"]
[BlackElo "1591"]
[PlyCount "111"]
[EventDate "2004.08.??"]
[SourceDate "2005.04.17"]

1. e4 e5 2. Nf3 Nc6 3. Bc4 Nf6 4. d3 Be7 5. Nc3 O-O 6. O-O d6 7. h3 Na5 8. Bb3
Nxb3 9. axb3 Re8 10. Be3 Bf8 11. Bg5 Be7 12. Qd2 c6 13. Ra2 Nh5 14. Ne2 f5 15.
Ng3 Nxg3 16. fxg3 fxe4 17. dxe4 Rf8 18. Bxe7 Qxe7 19. Raa1 b6 20. Qg5 Qxg5 21.
Nxg5 Rxf1+ 22. Rxf1 h6 23. Nf7 Ba6 24. Rf2 Rf8 25. Nxd6 Rxf2 26. Kxf2 g6 27. b4
Kf8 28. c4 Ke7 29. c5 Bd3 30. Ke3 Bf1 31. Kf3 bxc5 32. bxc5 a5 33. h4 h5 34. g4
hxg4+ 35. Kxg4 Kf6 36. Kf3 Ba6 37. g4 a4 38. g5+ Ke7 39. Ke3 Ke6 40. Kd2 Ke7
41. Kc3 Be2 42. Kb4 Bd1 43. Nc4 Ke6 44. Nb6 Bc2 45. Nxa4 Bxe4 46. Nc3 Bf3 47.
Kc4 Kf5 48. Kd3 Kg4 49. Ke3 Bh1 50. b4 Kxh4 51. Ne4 Bg2 52. b5 cxb5 53. c6 Bh3
54. Kd3 Kg4 55. Nf2+ Kg3 56. Nxh3 1-0

[Event "01.Chess Org-Pokal -Open-"]
[Site "Bad Zwischenahn(30.07.-08.08)"]
[Date "2004.??.??"]
[Round "2.10"]
[White "Makoui, Mazeyar"]
[Black "Rulfs, Ernst-August"]
[Result "1-0"]
[WhiteElo "1638"]
[BlackElo "1386"]
[PlyCount "63"]
[EventDate "2004.08.??"]
[SourceDate "2005.04.17"]

1. Nf3 Nf6 2. g3 e6 3. Bg2 d5 4. d4 c5 5. c4 Bd7 6. O-O Bc6 7. Ne5 Nbd7 8. Nxc6
bxc6 9. Nc3 Be7 10. Bf4 Qb6 11. Na4 Qa5 12. dxc5 Nxc5 13. Nc3 Qb6 14. Na4 Nxa4
15. Qxa4 O-O 16. Qc2 a5 17. Rfc1 Ng4 18. c5 Qd8 19. Qa4 Qd7 20. Bd2 Qc7 21.
Qxg4 Qa7 22. Bc3 g6 23. Qd4 f6 24. Be1 e5 25. Qc3 Rab8 26. e4 d4 27. Qc4+ Kg7
28. b4 axb4 29. Bxb4 d3 30. a3 Rb5 31. Qe6 Rb7 32. Bf1 1-0

[Event "01.Chess Org-Pokal -Open-"]
[Site "Bad Zwischenahn(30.07.-08.08)"]
[Date "2004.??.??"]
[Round "2.11"]
[White "Witzschel, Peter"]
[Black "Billen, Hans-Juergen"]
[Result "1/2-1/2"]
[WhiteElo "1371"]
[BlackElo "1502"]
[PlyCount "50"]
[EventDate "2004.08.??"]
[SourceDate "2005.04.17"]

1. e4 e6 2. d4 d5 3. Nc3 Nf6 4. Bd3 c5 5. exd5 Nxd5 6. Nxd5 Qxd5 7. Nf3 cxd4 8.
O-O e5 9. Qe2 Bg4 10. Qxe5+ Qxe5 11. Nxe5 Be6 12. Bb5+ Nd7 13. Nxd7 Bxd7 14.
Re1+ Kd8 15. Bxd7 Kxd7 16. Re4 Bc5 17. Bf4 Rhe8 18. Rae1 Rxe4 19. Rxe4 Re8 20.
Rxe8 Kxe8 21. Kf1 Kd7 22. Ke2 Ke6 23. Kd3 Kd5 24. f3 b5 25. b3 f5 1/2-1/2

[Event "01.Chess Org-Pokal -Open-"]
[Site "Bad Zwischenahn(30.07.-08.08)"]
[Date "2004.??.??"]
[Round "2.12"]
[White "Afken, Jonas"]
[Black "Wempe, Felix"]
[Result "1-0"]
[WhiteElo "1495"]
[BlackElo "1262"]
[PlyCount "71"]
[EventDate "2004.08.??"]
[SourceDate "2005.04.17"]

1. Nf3 d5 2. g3 Nf6 3. Bg2 Nc6 4. d3 Bg4 5. Nbd2 e6 6. O-O Bc5 7. c3 Bd6 8. Re1
Ne7 9. e4 Ng6 10. Qc2 dxe4 11. dxe4 e5 12. Nc4 O-O 13. Be3 Qe7 14. Rad1 Rad8
15. Nxd6 Rxd6 16. Bc5 Rxd1 17. Bxe7 Rxe1+ 18. Nxe1 Nxe7 19. f3 Be6 20. Nd3 Nc6
21. Nc5 Bc4 22. Nxb7 Nd7 23. Bh3 Be6 24. Bxe6 fxe6 25. Qb3 Kf7 26. Qc4 Ne7 27.
Qxc7 Nb6 28. Qxe5 Ng6 29. Qc7+ Kg8 30. Nd8 Na8 31. Qd7 Nb6 32. Qxe6+ Kh8 33.
Nf7+ Kg8 34. Nh6+ Kh8 35. Qg8+ Rxg8 36. Nf7# 1-0

[Event "01.Chess Org-Pokal -Open-"]
[Site "Bad Zwischenahn(30.07.-08.08)"]
[Date "2004.??.??"]
[Round "3.2"]
[White "Bohnstorff, Michael"]
[Black "Fish, Gennadij"]
[Result "0-1"]
[WhiteElo "2025"]
[BlackElo "2545"]
[PlyCount "54"]
[EventDate "2004.08.??"]
[SourceDate "2005.04.17"]

1. d4 Nf6 2. Nf3 e6 3. c3 c5 4. Bf4 b6 5. e3 Bb7 6. Nbd2 Be7 7. h3 d6 8. Be2
O-O 9. O-O Nbd7 10. Qc2 Rc8 11. Rfe1 cxd4 12. exd4 Nd5 13. Bh2 f5 14. Rac1 Rf6
15. Qb3 Rg6 16. Bf1 Nf8 17. a4 Bg5 18. Rcd1 Bxd2 19. Nxd2 Qg5 20. c4 Nf4 21.
Bxf4 Qxf4 22. Qe3 Qh4 23. Qd3 d5 24. cxd5 Bxd5 25. Ra1 Bxg2 26. Bxg2 Qg5 27.
Qf3 Qxd2 0-1

[Event "01.Chess Org-Pokal -Open-"]
[Site "Bad Zwischenahn(30.07.-08.08)"]
[Date "2004.??.??"]
[Round "3.3"]
[White "Eichler, Gottfried"]
[Black "Lichman, Peter"]
[Result "1/2-1/2"]
[WhiteElo "1849"]
[BlackElo "2162"]
[PlyCount "99"]
[EventDate "2004.08.??"]
[SourceDate "2005.04.17"]

1. d4 Nf6 2. Nf3 g6 3. g3 Bg7 4. Bg2 O-O 5. O-O d6 6. a4 Nbd7 7. a5 a6 8. b4 c6
9. Nbd2 e5 10. c3 e4 11. Ne1 d5 12. Nb3 Nh5 13. g4 Nhf6 14. f3 Re8 15. Qc2 h6
16. Bf4 Qe7 17. Rb1 Nh7 18. Qc1 g5 19. Bg3 Ndf8 20. Nc5 f5 21. gxf5 Bxf5 22.
fxe4 Bxe4 23. Nxe4 dxe4 24. e3 Nf6 25. Rb2 Ng6 26. Rbf2 Rad8 27. Nc2 h5 28. h3
g4 29. Bh2 h4 30. hxg4 Nxg4 31. Rf7 Qxf7 32. Rxf7 Kxf7 33. Bc7 Rd5 34. Bh3 Rg5
35. Qf1+ Nf6+ 36. Kh2 Kg8 37. Bf5 Rf8 38. Qh3 Nd5 39. Be6+ Kh7 40. Bxd5 cxd5
41. Ne1 Rf2+ 42. Kh1 Re2 43. Qf1 Rxe3 44. Bd8 Rgg3 45. Bc7 Rg5 46. Bd8 Rg4 47.
Bc7 h3 48. Qf2 Rxc3 49. Qf5 Rxc7 50. Qxg4 1/2-1/2

[Event "01.Chess Org-Pokal -Open-"]
[Site "Bad Zwischenahn(30.07.-08.08)"]
[Date "2004.??.??"]
[Round "3.4"]
[White "Juergens, Bernhard"]
[Black "Wempe, Juergen"]
[Result "1/2-1/2"]
[WhiteElo "1977"]
[BlackElo "2113"]
[PlyCount "58"]
[EventDate "2004.08.??"]
[SourceDate "2005.04.17"]

1. e4 c5 2. Nc3 Nc6 3. g3 e6 4. Bg2 Nf6 5. Nge2 Bd6 6. O-O Be5 7. f4 Bd4+ 8.
Nxd4 cxd4 9. Ne2 d6 10. d3 h6 11. c3 dxc3 12. Nxc3 O-O 13. Be3 e5 14. h3 b5 15.
Qd2 b4 16. Nd5 Nxd5 17. exd5 exf4 18. Bxf4 Ne5 19. Qxb4 Ba6 20. Qa3 Qb6+ 21.
Kh2 Rfe8 22. Rac1 Bxd3 23. Rfe1 Be2 24. Rxe2 Ng4+ 25. hxg4 Rxe2 26. Bxd6 Qf2
27. Rg1 Rc8 28. b4 Rcc2 29. Bc5 Qf1 1/2-1/2

[Event "01.Chess Org-Pokal -Open-"]
[Site "Bad Zwischenahn(30.07.-08.08)"]
[Date "2004.??.??"]
[Round "3.5"]
[White "Makoui, Mazeyar"]
[Black "Bartels, Holger"]
[Result "0-1"]
[WhiteElo "1638"]
[BlackElo "2095"]
[PlyCount "74"]
[EventDate "2004.08.??"]
[SourceDate "2005.04.17"]

1. Nf3 Nf6 2. g3 b6 3. Bg2 Bb7 4. O-O c5 5. c4 g6 6. Nc3 Bg7 7. d4 cxd4 8. Qxd4
O-O 9. Qd1 d6 10. Re1 Nbd7 11. e4 Rc8 12. Qe2 Re8 13. Rb1 Nc5 14. Nd2 Nfd7 15.
Nb5 a6 16. Na3 Ne5 17. Nc2 Ncd3 18. Rd1 b5 19. Ne3 Qa5 20. a3 e6 21. Nb3 Nxc1
22. Rbxc1 Qb6 23. cxb5 axb5 24. Qd2 Rxc1 25. Nxc1 Nc4 26. Nxc4 bxc4 27. Qb4
Qxb4 28. axb4 Bxb2 29. Ne2 d5 30. f3 Bc6 31. Rb1 c3 32. Nd4 Ba4 33. Bf1 e5 34.
Ne2 d4 35. Nc1 Bc2 36. Bd3 Bxb1 37. Bxb1 Bxc1 0-1

[Event "01.Chess Org-Pokal -Open-"]
[Site "Bad Zwischenahn(30.07.-08.08)"]
[Date "2004.??.??"]
[Round "3.6"]
[White "Kroencke, Manfred"]
[Black "Afken, Jonas"]
[Result "1-0"]
[WhiteElo "2147"]
[BlackElo "1495"]
[PlyCount "43"]
[EventDate "2004.08.??"]
[SourceDate "2005.04.17"]

1. e4 c5 2. Nf3 Nc6 3. Bb5 e6 4. O-O a6 5. Bxc6 bxc6 6. e5 f6 7. d3 fxe5 8.
Nxe5 Nf6 9. Bg5 Bd6 10. Nc4 Bc7 11. Bxf6 Qxf6 12. Qh5+ Qg6 13. Qxc5 Rf8 14. Nc3
Qh6 15. g3 Rf5 16. Nd6+ Bxd6 17. Qxd6 Rh5 18. g4 Rh3 19. Ne4 Qg6 20. f3 h5 21.
g5 Qf5 22. Kg2 1-0

[Event "01.Chess Org-Pokal -Open-"]
[Site "Bad Zwischenahn(30.07.-08.08)"]
[Date "2004.??.??"]
[Round "3.7"]
[White "Dopychai, Reent"]
[Black "Molzahn, Norbert"]
[Result "0-1"]
[WhiteElo "1489"]
[BlackElo "1975"]
[PlyCount "72"]
[EventDate "2004.08.??"]
[SourceDate "2005.04.17"]

1. e4 c5 2. Nf3 Nc6 3. d4 cxd4 4. Nxd4 g6 5. Nc3 Bg7 6. Be3 Nf6 7. Bc4 d6 8.
Qd2 Ng4 9. O-O Nxe3 10. fxe3 Ne5 11. Bb5+ Bd7 12. Qf2 O-O 13. Nd5 Rc8 14. Qh4
f6 15. Bxd7 Qxd7 16. c3 e6 17. Nxf6+ Bxf6 18. Rxf6 Rxf6 19. Qxf6 Rf8 20. Qxe6+
Qxe6 21. Nxe6 Rf6 22. Nd4 Nc4 23. Rf1 Kf7 24. b3 Nxe3 25. Rxf6+ Kxf6 26. Kf2
Nd1+ 27. Kf3 Nxc3 28. Ke3 Nxa2 29. Nb5 Ke5 30. Na3 Nc3 31. Nc4+ Ke6 32. Kf4
Nxe4 33. Na5 Nc5 34. b4 Nd3+ 35. Ke4 Nxb4 36. Nxb7 Nc6 0-1

[Event "01.Chess Org-Pokal -Open-"]
[Site "Bad Zwischenahn(30.07.-08.08)"]
[Date "2004.??.??"]
[Round "3.8"]
[White "Grewenig, Marc"]
[Black "Kimmich, Daniel"]
[Result "0-1"]
[WhiteElo "1330"]
[BlackElo "1817"]
[PlyCount "58"]
[EventDate "2004.08.??"]
[SourceDate "2005.04.17"]

1. e4 c5 2. Nf3 d6 3. d4 cxd4 4. Qxd4 Nc6 5. Bb5 a6 6. Bxc6+ bxc6 7. Nc3 e5 8.
Qd3 Nf6 9. Bg5 Be7 10. O-O Qc7 11. Rad1 Bb7 12. Rfe1 Rd8 13. Na4 O-O 14. c4 d5
15. cxd5 cxd5 16. Qb3 dxe4 17. Nxe5 Bd5 18. Qc3 Qb8 19. a3 Rc8 20. Qg3 Nh5 21.
Qg4 Be6 22. Qh4 Bxg5 23. Qxg5 Nf6 24. f4 Bb3 25. Nc3 Bxd1 26. Nxd1 Qa7+ 27. Kh1
Rfe8 28. h4 Rc1 29. Nc6 Rxc6 0-1

[Event "01.Chess Org-Pokal -Open-"]
[Site "Bad Zwischenahn(30.07.-08.08)"]
[Date "2004.??.??"]
[Round "3.9"]
[White "Billen, Hans-Juergen"]
[Black "Lange, Detlef"]
[Result "1-0"]
[WhiteElo "1502"]
[BlackElo "1659"]
[PlyCount "52"]
[EventDate "2004.08.??"]
[SourceDate "2005.04.17"]

1. d4 e6 2. c4 c5 3. e3 Nf6 4. Nc3 Be7 5. Nf3 O-O 6. Be2 d6 7. O-O Nbd7 8. Re1
b6 9. b3 Bb7 10. Bb2 a6 11. d5 exd5 12. cxd5 b5 13. Qd3 b4 14. Ne4 Nxe4 15.
Qxe4 Nf6 16. Bxf6 Bxf6 17. Rad1 Re8 18. Qc2 Bc3 19. Rf1 Bc8 20. h3 Qf6 21. Bd3
Bxh3 22. gxh3 Qxf3 23. Bxh7+ Kh8 24. Bf5 Re5 25. Bg4 Rg5 26. e4 Qxh3 1-0

[Event "01.Chess Org-Pokal -Open-"]
[Site "Bad Zwischenahn(30.07.-08.08)"]
[Date "2004.??.??"]
[Round "3.10"]
[White "Wempe, Moritz"]
[Black "Witzschel, Peter"]
[Result "1/2-1/2"]
[WhiteElo "1491"]
[BlackElo "1371"]
[PlyCount "96"]
[EventDate "2004.08.??"]
[SourceDate "2005.04.17"]

1. e4 e5 2. Nf3 Nc6 3. Bb5 a6 4. Ba4 Nf6 5. O-O b5 6. Bb3 Bb7 7. Ng5 d5 8. exd5
Nd4 9. Re1 Bd6 10. Nf3 Nxf3+ 11. Qxf3 O-O 12. Nc3 Re8 13. d3 Bb4 14. Bd2 Nxd5
15. Bxd5 Bxd5 16. Qxd5 Qxd5 17. Nxd5 Bxd2 18. Nxc7 Bxe1 19. Rxe1 Rac8 20. Nxe8
Rxe8 21. d4 f6 22. f4 e4 23. Kf2 f5 24. Ke2 Rc8 25. c3 a5 26. a3 a4 27. g4 g6
28. h4 Kg7 29. gxf5 gxf5 30. Rg1+ Kf6 31. h5 Rf8 32. h6 Ke7 33. Rg7+ Rf7 34. d5
Ke8 35. Ke3 Rd7 36. d6 Rxd6 37. Rxh7 Rd3+ 38. Ke2 Rh3 39. Rb7 Rxh6 40. Rxb5
Rh2+ 41. Kf1 Kd7 42. Ke1 Ke6 43. Kd1 Rf2 44. Ke1 Rxf4 45. Rb4 Rh4 46. Rxa4 Rh1+
47. Ke2 Rh2+ 48. Ke3 Rxb2 1/2-1/2

[Event "01.Chess Org-Pokal -Open-"]
[Site "Bad Zwischenahn(30.07.-08.08)"]
[Date "2004.??.??"]
[Round "3.11"]
[White "Brummer, Bernfried"]
[Black "Rulfs, Ernst-August"]
[Result "1-0"]
[WhiteElo "1712"]
[BlackElo "1386"]
[PlyCount "49"]
[EventDate "2004.08.??"]
[SourceDate "2005.04.17"]

1. f4 d5 2. Nf3 c5 3. e3 Bg4 4. b3 Nf6 5. Bb2 e6 6. Bb5+ Nc6 7. O-O Be7 8. d3
Qb6 9. Bxc6+ bxc6 10. Qe1 Bxf3 11. Rxf3 O-O 12. Nd2 Rfd8 13. Rh3 Ne8 14. Nf3
Bf6 15. Be5 Bxe5 16. fxe5 f6 17. Qh4 h6 18. Rg3 Kf8 19. exf6 Nxf6 20. Ne5 Qc7
21. Qf4 Ke8 22. Rf1 Rd6 23. Ng4 Qe7 24. Nxf6+ gxf6 25. Rg8+ 1-0

[Event "01.Chess Org-Pokal -Open-"]
[Site "Bad Zwischenahn(30.07.-08.08)"]
[Date "2004.??.??"]
[Round "3.12"]
[White "Burghardt, Bernd,Dr."]
[Black "Wempe, Felix"]
[Result "0-1"]
[WhiteElo "1591"]
[BlackElo "1262"]
[PlyCount "110"]
[EventDate "2004.08.??"]
[SourceDate "2005.04.17"]

1. e4 e5 2. f4 exf4 3. Nf3 Nc6 4. d4 d5 5. e5 Bg4 6. Bb5 Nge7 7. Bxf4 a6 8. Be2
Nf5 9. c3 h6 10. Qc2 Bxf3 11. Bxf3 Nh4 12. O-O Nxf3+ 13. Rxf3 Be7 14. e6 fxe6
15. Qg6+ Kd7 16. Re3 Bf6 17. Nd2 Qe8 18. Qg3 Rc8 19. Rae1 Nd8 20. Nf3 Rf8 21.
Ne5+ Bxe5 22. Bxe5 Qe7 23. Qxg7 Qxg7 24. Bxg7 Rg8 25. Bxh6 c5 26. Bf4 cxd4 27.
cxd4 Rc2 28. R3e2 Rxe2 29. Rxe2 Rg4 30. Be5 Nc6 31. h3 Rh4 32. Bg3 Rxd4 33. h4
Rd1+ 34. Kf2 d4 35. Bf4 Nb4 36. Rd2 Rxd2+ 37. Bxd2 Nd3+ 38. Kf3 Nxb2 39. Ke4 e5
40. g4 Ke6 41. Bg5 Nc4 42. h5 Nd6+ 43. Kd3 Nf7 44. Bh4 b5 45. Be1 Kd5 46. Bb4
e4+ 47. Ke2 e3 48. Bf8 Ke4 49. h6 d3+ 50. Ke1 Ng5 51. Bb4 Kd4 52. a3 Ke4 53.
Kd1 Kf4 54. Be7 e2+ 55. Kd2 Nf3+ 0-1